书目信息 |
| 题名: |
步进电动机伺服控制技术
|
|
| 作者: | 史敬灼 著 | |
| 分册: | ||
| 出版信息: | 北京 科学出版社 2007 |
|
| 页数: | 203页 | |
| 开本: | 20cm | |
| 丛书名: | ||
| 单 册: | ||
| 中图分类: | TM340.12 | |
| 科图分类: | ||
| 主题词: | 交流电机 | |
| 电子资源: | ||
| ISBN: | 978-7-03-017207-5 | |
| 000 | 00543nam0 2200181 450 | |
| 001 | 0735592734 | |
| 005 | 20070906095312.73 | |
| 010 | @a978-7-03-017207-5@d¥30.00 | |
| 100 | @a20070906d km y0chiy0120 ea | |
| 101 | 0 | @achi |
| 200 | 1 | @a步进电动机伺服控制技术@Abu jin dian dong ji ci fu kong zhi ji shu@f史敬灼著@Fshi jing zhuo zhu |
| 210 | @a北京@c科学出版社@d2007 | |
| 215 | @a203页@d20cm | |
| 606 | 0 | @a交流电机 |
| 690 | @aTM340.12@v3 | |
| 701 | 0 | @a史敬灼@Ashi jing zhuo@4著 |
| 801 | 0 | @aCN@bPFT@c20070906 |
| 905 | @a213230@dTM340.12@ep32@f1 | |
| 步进电动机伺服控制技术/史敬灼著.-北京:科学出版社,2007 |
| 203页;20cm |
| ISBN 978-7-03-017207-5:¥30.00 |
| ● |
| 相关链接 |
|
|
|
|
正题名:步进电动机伺服控制技术
索取号:TM340.12/p32
 
预约/预借
| 序号 | 登录号 | 条形码 | 馆藏地/架位号 | 状态 | 备注 |
| 1 | 7202391 | 272023909 | 密集书库-物理学院/ [索取号:TM340.12/p32] | 在馆 | |
| 2 | 7202392 | 272023918 | 密集书库-物理学院/ [索取号:TM340.12/p32] | 在馆 | |
| 3 | 7202393 | 272023927 | 密集书库-物理学院/ [索取号:TM340.12/p32] | 在馆 | |
| 4 | 7202394 | 272023936 | 密集书库-物理学院/ [索取号:TM340.12/p32] | 在馆 | |
| 5 | 7202395 | 272023945 | 密集书库-物理学院/ [索取号:TM340.12/p32] | 在馆 |